| 000 | 00598cab a2200193 4500 | ||
|---|---|---|---|
| 001 | ABS40064 | ||
| 008 | 090401t1988 xxu||||| |||| 00| 0 eng d | ||
| 035 | _a(Sirsi) u21154 | ||
| 041 | _aeng | ||
| 100 | _aBurr, A. | ||
| 245 | _aJCT management contract | ||
| 260 | _c1988 | ||
| 350 | _a0 | ||
| 490 |
_aConstruction Law Journal _v4(4) 1988, 275-280(6) |
||
| 520 | _aDetailed analysis of the JCT Management contract describing many of its clauses and including details from the Practice Note MC/1. | ||
| 690 | _aBUILT ENVIRONMENT-BUILDING CONTRACT FORMS | ||
| 942 | _n0 | ||
| 948 | _c04/03/1997 | ||
| 999 |
_c14198 _d14198 |
||